01125nam a2200301 i 4500001000700000003000800007005001700015006001900032007001500051008004100066035002200107040003100129050002200160080001200182082001600194245010500210264006900315300004100384336003100425337003300456338004300489588008300532650002200615650005300637655002700690700004300717856006300760124908FINmELB20241217175750.0m o u cr cn|||||||||241121s2024 txu o 000 0 spa  a(OCoLC)1472950918 aFINmELBbspaerdacFINmELB14aHV6556bJ899 2024 a343.54104a364.15322300aRevictimización causal del silencio en delitos sexuales /cSandy Elisa Jativa Aguirre [y otros 4]. 1aAmarillo, Texas :bEditorial Tecnocientífica Americana,c2024. a1 recurso en línea (111 páginas) atextobtxt2rdacontent/spa acomputadorabc2rdamedia/spa arecurso en líneabcr2rdacarrier/spa aDescripción basada en metadatos suministrados por el editor y otras fuentes. 4aDelitos sexuales. 4aVíctimas de agresiones sexualesxPsicología. 4aLibros electrónicos.1 aJátiva Aguirre, Sandy Elisa,eautor.40uhttps://elibro.net/ereader/politecnicointernacional/274720